Unpleasant essays: education and politics in Pakistan / (Record no. 185987)
[ view plain ]
| 000 -LEADER | |
|---|---|
| fixed length control field | 01120 a2200169 4500 |
| 003 - CONTROL NUMBER IDENTIFIER | |
| control field | Nust |
| 005 - DATE AND TIME OF LATEST TRANSACTION | |
| control field | 20230123095504.0 |
| 040 ## - CATALOGING SOURCE | |
| Transcribing agency | Nust |
| 082 ## - DEWEY DECIMAL CLASSIFICATION NUMBER | |
| Classification number | 370.95491,RAH |
| 245 ## - TITLE STATEMENT | |
| Title | Unpleasant essays: education and politics in Pakistan / |
| Statement of responsibility, etc. | Tariq Rahman |
| 250 ## - EDITION STATEMENT | |
| Edition statement | 1st |
| 260 ## - PUBLICATION, DISTRIBUTION, ETC. | |
| Place of publication, distribution, etc. | Lahore |
| Name of publisher, distributor, etc. | Vanguard Books (Pvt) Ltd |
| Date of publication, distribution, etc. | 2000 |
| 300 ## - PHYSICAL DESCRIPTION | |
| Extent | 225 p. |
| 505 ## - FORMATTED CONTENTS NOTE | |
| Formatted contents note | Partition theory and practice (Page-1), Are Pakistanis liars (Page-6), Theocracy or democracy (Page-20), Remembering 1971 (Page-36), Should we have nuclear weapons (Page-68), Poverty in pakistan (Page-74), Colonization of the hills (Page-116), Pakistani immigrants in the USA (Page-120), Schooling and world view (Page-142), The shadows of shantinagar (Page-156), The invisible Pakistanis (Page-168), The other side of English (Page-172), Child servants in Pakistan (Page-185), Annals of Insanity (Page-199), Nuclear Accidents (Page-204), Austerity for confidence building (Page-208), The rule of the digirati (Page-213), Why do we need free institutions (Page-219). |
| 650 ## - SUBJECT ADDED ENTRY--TOPICAL TERM | |
| Topical term or geographic name entry element | Education and politics in Pakistan |
| 9 (RLIN) | 107350 |
| 942 ## - ADDED ENTRY ELEMENTS (KOHA) | |
| Source of classification or shelving scheme | |
| Koha item type | Book |
| Call number prefix | 370.95491,RAH |
| Withdrawn status | Lost status | Source of classification or shelving scheme | Damaged status | Not for loan | Permanent Location | Current Location | Shelving location | Date acquired | Full call number | Barcode | Date last seen | Price effective from | Koha item type | Public note |
|---|---|---|---|---|---|---|---|---|---|---|---|---|---|---|
| Military College of Signals (MCS) | Military College of Signals (MCS) | General Stacks | 12/12/2016 | 370.95491,RAH | MCS28563 | 12/08/2016 | 12/12/2016 | Book | Almirah No.54, Shelf No.2 |
